Statistical Methods (Record no. 917165)

MARC details
000 -LEADER
fixed length control field 00422nam a2200157Ia 4500
008 - FIXED-LENGTH DATA ELEMENTS--GENERAL INFORMATION
fixed length control field 231031s1989 xx 000 0 und d
020 ## - INTERNATIONAL STANDARD BOOK NUMBER
International Standard Book Number 9780813815602
041 ## - LANGUAGE CODE
Language code of text/sound track or separate title eng
082 ## - DEWEY DECIMAL CLASSIFICATION NUMBER
Classification number 519.5/GEO/WIL
100 ## - MAIN ENTRY--PERSONAL NAME
Personal name George Waddel Snedecor, William Gemmell Cochran
245 ## - TITLE STATEMENT
Title Statistical Methods
250 ## - EDITION STATEMENT
Edition statement 8th Ed.
260 ## - PUBLICATION, DISTRIBUTION, ETC.
Place of publication, distribution, etc. Delhi.
Name of publisher, distributor, etc. Affiliated East West Press
Date of publication, distribution, etc. 1989
300 ## - PHYSICAL DESCRIPTION
Extent xy, 503
650 ## - SUBJECT ADDED ENTRY--TOPICAL TERM
Topical term or geographic name entry element Statistics
Holdings
Withdrawn status Lost status Damaged status Not for loan Home library Current library Date acquired Cost, normal purchase price Total Checkouts Full call number Barcode Date due Date last seen Date last checked out Price effective from Koha item type
        BVDU Department of Engineering and Technology off Campus , Navi Mumbai BVDU Department of Engineering and Technology off Campus , Navi Mumbai 06/12/2019 600.00 1 519.5/GEO/WIL ETM-E551 01/12/2023 01/12/2023 01/12/2023 31/10/2023 Book